000 00395nam a2200145Ia 4500
008 240624s9999 xx 000 0 und d
041 _aeng
082 _a658.404 KEL
100 _aKELKAR A S
245 _aINFORMATION TECHNOLOGY PROJECT MANAGEMENT A CONC
250 _a(2nd ed.)
260 _c2007
_aNew Delhi
_bPrentice-Hall of India
300 _axi, : 784 : p. : cm. ; 23
365 _cRS
_b36
999 _c11332
_d11332